[Event "Genesee County CC-ch"]
[Site "Flint"]
[Date "2002.10.23"]
[Round "1"]
[White "Vinton, Troy"]
[Black "Yufa, Leonid"]
[Result "1/2-1/2"]
[WhiteElo "1103"]
[BlackElo "1646"]
[PlyCount "97"]
[EventDate "2002.10.23"]
[EventType "swiss"]
[EventRounds "5"]
[EventCountry "USA"]
[SourceTitle "EXT 2009"]
[Source "ChessBase"]
[SourceDate "2008.11.26"]
[SourceVersion "1"]
[SourceVersionDate "2008.11.26"]
[SourceQuality "1"]

1. e4 e5 2. Nf3 Nc6 3. Bb5 Nd4 4. Nxd4 exd4 5. 0-0 c6 6. Ba4 a5 7. c3 b5 8. Bc2 c5 9. d3 d6 10. Bf4 Be7 11. cxd4 cxd4 12. Nd2 Nf6 13. a4 b4 14. Re1 0-0 15. Bxd6 Bxd6 16. e5 Bxe5 17. Rxe5 Qc7 18. Re1 Be6 19. Bb3 Qd6 20. Rc1 Rac8 21. Bc4 Bg4 22. f3 Be6 23. b3 Bf5 24. Nf1 Rfe8 25. Ng3 Rxe1+ 26. Qxe1 Re8 27. Qf2 Bg6 28. Bb5 Rd8 29. Ne4 Bxe4 30. fxe4 h6 31. Qf3 Nd7 32. Bxd7 Qxd7 33. Rc5 Rc8 34. Rxc8+ Qxc8 35. Qd1 Qc3 36. e5 Kf8 37. Kf2 Ke7 38. Kf3 Ke6 39. Ke4 Qc5 40. Qg4+ Ke7 41. Qxg7 Qc6+ 42. Kf5 Qe6+ 43. Kf4 Qxb3 44. Qxh6 Qxd3 45. Qd6+ Ke8 46. g4 Qe3+ 47. Kf5 Qf3+ 48. Kg5 Qe3+ 49. Kf5 1/2-1/2